000 01560nam a22002057a 4500
999 _c59432
_d59431
003 Ge_BSU
005 20230222164651.0
008 230215s2005 ge ||||| |||| 00| 0 geo d
041 _ageo
080 _a342.726-058.57 ა-26
245 _aადამიანის უფლებები და სასჯელაღსრულების დაწესებულებები :
_bმართლმსაჯულების განხორციელებასთან დაკავშირებით ადამიანის უფლებათა საერთაშორისო სამართლებრ. აქტების კრებული /
_cგაეროს ადამიანის უფლებათა უმაღლ. კომისრის ოფისი ; [თარგმ.: ბესარიონ ბოხაშვილი, რუსუდან ტუშური ; რედ. ლაშა ჭელიძე].
264 _aთბილისი,
_b2007.
300 _a412გვ. ;
_b20სმ.
500 _aთავფურ.: ნიუ-იორკი და ჟენევა 2005.
653 _aადამიანის ძირითადი უფლებები
653 _aპენინტენციალური სისტემა.
653 _aსასჯელაღსრულების დაწესებულებები
700 _aჭელიძე, ლაშა
_eრედაქტორი
_91297
942 _2udc
_cBK